The best American crime reporting, 2007 / (Record no. 52137)

MARC details
000 -LEADER
campo de control de longitud fija 02289cam a2200421Ia 4500
001 - NÚMERO DE CONTROL
campo de control 55177
005 - FECHA Y HORA DE LA ÚLTIMA TRANSACCIÓN
campo de control 20230410120811.0
008 - DATOS DE LONGITUD FIJA--INFORMACIÓN GENERAL
campo de control de longitud fija 070313s2007 nyu 000 0 eng d
035 ## - NÚMERO DE CONTROL DEL SISTEMA
Número de control de sistema (OCoLC)ocn144226769
040 ## - FUENTE DE CATALOGACIÓN
Centro catalogador/agencia de origen BTCTA
Centro/agencia transcriptor BTCTA
Centro/agencia modificador BAKER
-- LPU
-- KLC
-- BWX
-- EPL
-- YDXCP
020 ## - NÚMERO INTERNACIONAL ESTÁNDAR DEL LIBRO
Número Internacional Estándar del Libro 9780060815530 (pbk.)
020 ## - NÚMERO INTERNACIONAL ESTÁNDAR DEL LIBRO
Número Internacional Estándar del Libro 0060815531 (pbk.)
035 ## - NÚMERO DE CONTROL DEL SISTEMA
Número de control de sistema (OCoLC)144226769
050 14 - SIGNATURA TOPOGRÁFICA DE LA BIBLIOTECA DEL CONGRESO
Número de clasificación HV6785
Número de ítem B48 2007
082 04 - NÚMERO DE LA CLASIFICACIÓN DECIMAL DEWEY
Número de clasificación 364.973
Número de edición 22
245 04 - MENCIÓN DEL TÍTULO
Título The best American crime reporting, 2007 /
Mención de responsabilidad, etc. guest editor, Linda Fairstein ; series editors, Otto Penzler and Thomas H. Cook.
250 ## - MENCION DE EDICION
Mención de edición 1st ed.
260 ## - PUBLICACIÓN, DISTRIBUCIÓN, ETC.
Lugar de publicación, distribución, etc. New York :
Nombre del editor, distribuidor, etc. Harper/Perennial,
Fecha de publicación, distribución, etc. c2007.
300 ## - DESCRIPCIÓN FÍSICA
Extensión xviii, 359 p. ;
Dimensiones 21 cm.
500 ## - NOTA GENERAL
Nota general "An Ecco book."
505 00 - NOTA DE CONTENIDO CON FORMATO
Título The loved ones /
Mención de responsabilidad Tom Junod --
Título The inside job /
Mención de responsabilidad Neil Swidey --
Título The talented Dr. Krist /
Mención de responsabilidad Steve Fennessy --
Título The case of the killer priest /
Mención de responsabilidad Sean Flynn --
Título Double blind /
Mención de responsabilidad Matthew Teague --
Título The school /
Mención de responsabilidad C.J. Chivers --
Título A kiss before dying /
Mención de responsabilidad Pamela Colloff --
Título The devil in David Berkowitz /
Mención de responsabilidad Steve Fishman --
Título The man who loves books too much /
Mención de responsabilidad Allison Hoover Bartlett --
Título Dirty old women /
Mención de responsabilidad Ariel Levy --
Título Who killed Ellen Andros? /
Mención de responsabilidad Dan P. Lee --
Título Fatal connection /
Mención de responsabilidad David Bernstein --
Título Last seen on September 10th /
Mención de responsabilidad Mark Fass --
Título My roommate, the diamond thief /
Mención de responsabilidad Brian Boucher --
Título The monster of Florence /
Mención de responsabilidad Douglas Preston.
520 ## - RESUMEN, ETC.
Sumario, etc. A collection of some of the most noted works of crime journalism from the past year includes Matthew Teague's "Double Bind," and Steve Fishman's "The Devil in David Berkowitz."
650 #0 - PUNTO DE ACCESO ADICIONAL DE MATERIA--TÉRMINO DE MATERIA
Término de materia o nombre geográfico como elemento de entrada Crime
Subdivisión geográfica United States
Subdivisión de forma Case studies.
650 #0 - PUNTO DE ACCESO ADICIONAL DE MATERIA--TÉRMINO DE MATERIA
Término de materia o nombre geográfico como elemento de entrada Criminals
Subdivisión geográfica United States
Subdivisión de forma Case studies.
650 #0 - PUNTO DE ACCESO ADICIONAL DE MATERIA--TÉRMINO DE MATERIA
Término de materia o nombre geográfico como elemento de entrada Crime and the press
Subdivisión geográfica United States.
650 #7 - PUNTO DE ACCESO ADICIONAL DE MATERIA--TÉRMINO DE MATERIA
Término de materia o nombre geográfico como elemento de entrada Criminals
Subdivisión geográfica United States
Subdivisión de forma Case studies.
Fuente del encabezamiento o término sears
650 #7 - PUNTO DE ACCESO ADICIONAL DE MATERIA--TÉRMINO DE MATERIA
Término de materia o nombre geográfico como elemento de entrada Crime
Subdivisión geográfica United States
Subdivisión de forma Case studies.
Fuente del encabezamiento o término sears
650 #7 - PUNTO DE ACCESO ADICIONAL DE MATERIA--TÉRMINO DE MATERIA
Término de materia o nombre geográfico como elemento de entrada Journalism
Subdivisión geográfica United States.
Fuente del encabezamiento o término sears
700 1# - ENTRADA AGREGADA--NOMBRE PERSONAL
Nombre de persona Fairstein, Linda A.
700 1# - ENTRADA AGREGADA--NOMBRE PERSONAL
Nombre de persona Penzler, Otto.
700 1# - ENTRADA AGREGADA--NOMBRE PERSONAL
Nombre de persona Cook, Thomas H.
938 ## -
-- Baker and Taylor
-- BTCP
-- BK0007149764
938 ## -
-- Baker & Taylor
-- BKTY
-- 14.95
-- 11.21
-- 0060815531
-- 0007149764
-- active
938 ## -
-- Blackwell Book Service
-- BBUS
-- R7672173
-- $14.95
938 ## -
-- YBP Library Services
-- YANK
-- 2554256
942 ## - ELEMENTOS DE ENTRADA SECUNDARIOS (KOHA)
Fuente del sistema de clasificación o colocación Clasificación de Library of Congress
Tipo de ítem Koha
994 ## -
-- C0
-- DRFGD
Holdings
Estatus retirado Estado de pérdida Fuente del sistema de clasificación o colocación Estado de daño No para préstamo Colección Biblioteca de origen Biblioteca actual Ubicación en estantería Fecha de adquisición Serial enumeration / chronology Signatura topográfica completa Código de barras Visto por última vez Copia número Tipo de ítem Koha
    Clasificación de Library of Congress     Ciencias Sociales Biblioteca Juan Bosch Biblioteca Juan Bosch Ciencias Sociales (3er. Piso) 10/04/2023 3 HV6785 B48 2007 00000054451 24/10/2018 1